[Event "CEDIS Festival saha 2023 - 1. turnir"]
[Site "Podgorica"]
[Date "2023.04.07"]
[Round "1.1"]
[White "Tomic, Aleksandar"]
[Black "Soc, Bogdan"]
[Result "1-0"]
[WhiteElo "2396"]
[BlackElo "1713"]
[PlyCount "41"]
[EventDate "2023.04.07"]
[EventType "swiss"]
[EventRounds "5"]
[EventCountry "MNE"]
[SourceVersionDate "2023.04.08"]

1. e4 c5 2. d4 cxd4 3. c3 dxc3 4. Nxc3 Nc6 5. Nf3 a6 6. Bc4 d6 7. O-O Nf6 8. h3
g6 9. Qb3 e6 10. Qc2 Bg7 11. Rd1 Qc7 12. Bf4 Ne5 13. Nxe5 dxe5 14. Nb5 Qc6 15.
Nc7+ Ke7 16. Bxe5 Ne8 17. Bxg7 Nxg7 18. Nxa8 Bd7 19. Qc3 f6 20. Qb4+ Kf7 21.
Nb6 1-0

[Event "CEDIS Festival saha 2023 - 1. turnir"]
[Site "Podgorica"]
[Date "2023.04.07"]
[Round "1.2"]
[White "Perazic, Dragutin"]
[Black "Vukcevic, Nemanja"]
[Result "0-1"]
[WhiteElo "1672"]
[BlackElo "2305"]
[PlyCount "60"]
[EventDate "2023.04.07"]
[EventType "swiss"]
[EventRounds "5"]
[EventCountry "MNE"]
[SourceVersionDate "2023.04.08"]

1. d4 Nf6 2. Nf3 g6 3. Bf4 Bg7 4. e3 O-O 5. Be2 d6 6. O-O Nfd7 7. c3 e5 8. Bg3
f5 9. dxe5 dxe5 10. h3 h6 11. Na3 Nc6 12. Qd2 Qe7 13. Rad1 Nc5 14. Qc2 Kh8 15.
Bh2 a5 16. Bc4 e4 17. Nd4 Ne5 18. Bxe5 Bxe5 19. Rfe1 c6 20. f4 exf3 21. Nxf3
Bg3 22. Re2 b5 23. Bd3 Ne4 24. Nd2 Nc5 25. Nf3 Be6 26. e4 f4 27. Red2 Bxa2 28.
Nd4 f3 29. b3 Nxd3 30. Qxd3 Qxa3 0-1

[Event "CEDIS Festival saha 2023 - 1. turnir"]
[Site "Podgorica"]
[Date "2023.04.07"]
[Round "1.3"]
[White "Skvortsov, Andrei"]
[Black "Lakusic, Zoran"]
[Result "1-0"]
[WhiteElo "2313"]
[BlackElo "1639"]
[PlyCount "120"]
[EventDate "2023.04.07"]
[EventType "swiss"]
[EventRounds "5"]
[EventCountry "MNE"]
[SourceVersionDate "2023.04.08"]

1. e4 d6 2. d4 Nf6 3. Nc3 g6 4. Be3 Bg7 5. Qd2 Ng4 6. Bg5 c6 7. f3 h6 8. Bf4 e5
9. dxe5 Nxe5 10. O-O-O g5 11. Bg3 Be6 12. Qxd6 Qxd6 13. Rxd6 Ke7 14. Rd1 b5 15.
Nge2 Nbd7 16. Nd4 b4 17. Na4 Rhc8 18. Ba6 Rc7 19. Rhe1 h5 20. Nf5+ Bxf5 21.
exf5 h4 22. Rxd7+ Rxd7 23. Bxe5 Bxe5 24. Rxe5+ Kd6 25. Re4 c5 26. b3 Re7 27.
Nxc5 Rxe4 28. Nxe4+ Ke5 29. Nxg5 f6 30. Nh3 Rg8 31. Bf1 Kxf5 32. Kd2 Ke5 33.
Ke3 Re8 34. Bc4 Kf5+ 35. Kf2 Ke5 36. Ng1 Kd4 37. Ne2+ Kc5 38. Ke1 a5 39. Bd3
Kd6 40. Kf2 Ke6 41. Nd4+ Kd5 42. Nf5 Rh8 43. Be4+ Ke5 44. Ke3 h3 45. g4 Rc8 46.
f4+ Ke6 47. Nd4+ Kd6 48. Bd3 Re8+ 49. Kf2 Kc5 50. Nf3 Rd8 51. Kg3 Rh8 52. g5
fxg5 53. fxg5 Kd6 54. g6 Ke7 55. Ng5 Kf6 56. Nxh3 a4 57. Ng1 a3 58. Nf3 Re8 59.
h4 Rh8 60. Ne1 Re8 1-0

[Event "CEDIS Festival saha 2023 - 1. turnir"]
[Site "Podgorica"]
[Date "2023.04.07"]
[Round "1.4"]
[White "Mosurovic, Milena"]
[Black "Kisic, Bozidar"]
[Result "1/2-1/2"]
[WhiteElo "1565"]
[BlackElo "2227"]
[PlyCount "87"]
[EventDate "2023.04.07"]
[EventType "swiss"]
[EventRounds "5"]
[EventCountry "MNE"]
[SourceVersionDate "2023.04.08"]

1. e4 g6 2. g3 Bg7 3. Bg2 c6 4. d4 d5 5. exd5 cxd5 6. Nf3 Nc6 7. O-O h6 8. c3
Nf6 9. Re1 Bg4 10. Be3 O-O 11. Nbd2 a6 12. h3 Be6 13. Ne5 Ne8 14. Ndf3 Kh7 15.
Bf4 Qc8 16. Kh2 Nd8 17. Qb3 Nc7 18. Nd3 Bf5 19. Nc5 Nce6 20. Nxe6 fxe6 21. Re2
Nf7 22. Rae1 g5 23. Be5 Be4 24. Bxg7 Kxg7 25. Nd2 Bxg2 26. Kxg2 Nd8 27. Nf3 Rf6
28. Qc2 Nc6 29. Ne5 Qg8 30. Ng4 Rg6 31. Qb3 b5 32. Ne5 Nxe5 33. Rxe5 Rf8 34.
R1e2 Qf7 35. Qc2 Rf6 36. Qd2 a5 37. Qe1 Rb8 38. Rxe6 Rb7 39. Rxf6 exf6 40. a3
Qf8 41. Re6 Qf7 42. Re3 Qf8 43. Re6 Qf7 44. Re3 1/2-1/2

[Event "CEDIS Festival saha 2023 - 1. turnir"]
[Site "Podgorica"]
[Date "2023.04.07"]
[Round "1.5"]
[White "Draganic, Veljko"]
[Black "Ivanovic, Tara"]
[Result "1-0"]
[WhiteElo "2263"]
[BlackElo "1530"]
[PlyCount "117"]
[EventDate "2023.04.07"]
[EventType "swiss"]
[EventRounds "5"]
[EventCountry "MNE"]
[SourceVersionDate "2023.04.08"]

1. e4 e5 2. Nf3 Nc6 3. d4 exd4 4. Nxd4 Nf6 5. Nxc6 bxc6 6. e5 Qe7 7. Qe2 Nd5 8.
Nd2 a5 9. c4 Nf4 10. Qe4 Ng6 11. f4 Bb7 12. h4 d5 13. cxd5 cxd5 14. Qa4+ Qd7
15. Qxd7+ Kxd7 16. g3 d4 17. Bb5+ Bc6 18. Bxc6+ Kxc6 19. Nf3 Bb4+ 20. Bd2 Kd5
21. Rc1 c5 22. Rh2 h6 23. a3 Bxd2+ 24. Nxd2 Ne7 25. Nc4 Ra6 26. Nd6 f6 27. Nb5
Rc6 28. exf6 Rxf6 29. Rhc2 Rc6 30. Rc4 Nf5 31. Kf2 Rb8 32. a4 Ne3 33. b3 Nxc4
34. bxc4+ Ke6 35. Kf3 Kf6 36. Ke4 Rd8 37. f5 Re8+ 38. Kd5 Rcc8 39. g4 Re5+ 40.
Kd6 d3 41. g5+ hxg5 42. hxg5+ Kxf5 43. Rf1+ Ke4 44. Re1+ Kf3 45. Rxe5 d2 46.
Nc3 Rd8+ 47. Kxc5 d1=Q 48. Nxd1 Rxd1 49. Re7 Rb1 50. Rxg7 Rb4 51. Ra7 Rxa4 52.
g6 Ra1 53. g7 Rg1 54. Kb5 Rg5+ 55. c5 Ke4 56. Kb6 Kd5 57. c6 Kd6 58. c7 Kd7 59.
c8=Q+ 1-0

[Event "CEDIS Festival saha 2023 - 1. turnir"]
[Site "Podgorica"]
[Date "2023.04.07"]
[Round "1.6"]
[White "Zizic, Djordje"]
[Black "Scekic, Veljko"]
[Result "0-1"]
[WhiteElo "1420"]
[BlackElo "2182"]
[PlyCount "54"]
[EventDate "2023.04.07"]
[EventType "swiss"]
[EventRounds "5"]
[EventCountry "MNE"]
[SourceVersionDate "2023.04.08"]

1. e4 e5 2. Nf3 Nf6 3. Nc3 Bb4 4. Bc4 d6 5. O-O O-O 6. Re1 Bg4 7. h3 Bh5 8. d3
c6 9. a3 Bxc3 10. bxc3 Nbd7 11. Bb3 Kh8 12. c4 c5 13. g4 Nxg4 14. hxg4 Bxg4 15.
Kg2 f5 16. Qd2 fxe4 17. Ng5 Bf3+ 18. Nxf3 exf3+ 19. Kg3 Rf4 20. Qxf4 exf4+ 21.
Bxf4 Qf6 22. Rg1 Rf8 23. Be3 Qe5+ 24. Kh3 Qh5+ 25. Kg3 Ne5 26. Rae1 Qg4+ 27.
Kh2 Qh4# 0-1

[Event "CEDIS Festival saha 2023 - 1. turnir"]
[Site "Podgorica"]
[Date "2023.04.07"]
[Round "1.7"]
[White "Jovancevic, Jovan"]
[Black "Djukic, Katarina"]
[Result "1-0"]
[WhiteElo "2161"]
[BlackElo "1381"]
[PlyCount "55"]
[EventDate "2023.04.07"]
[EventType "swiss"]
[EventRounds "5"]
[EventCountry "MNE"]
[SourceVersionDate "2023.04.08"]

1. d4 Nf6 2. c4 g6 3. Nc3 Bg7 4. e4 d6 5. Nf3 O-O 6. Be2 e5 7. O-O Nc6 8. d5
Ne7 9. Ne1 Nd7 10. Be3 f5 11. f3 f4 12. Bf2 g5 13. Rc1 Nf6 14. c5 Ng6 15. cxd6
cxd6 16. Nb5 Rf7 17. Nxa7 Bd7 18. Qb3 Bf8 19. Bb6 Qe8 20. Nb5 Rc8 21. Rc7 h5
22. Rxb7 g4 23. Nc7 Rxc7 24. Bxc7 g3 25. Rb8 Bc8 26. Bb5 Nd7 27. h3 Kh8 28. Nd3
1-0

[Event "CEDIS Festival saha 2023 - 1. turnir"]
[Site "Podgorica"]
[Date "2023.04.07"]
[Round "1.8"]
[White "Pavlovic, David"]
[Black "Djukanovic, Sreten"]
[Result "0-1"]
[WhiteElo "1379"]
[BlackElo "2148"]
[PlyCount "42"]
[EventDate "2023.04.07"]
[EventType "swiss"]
[EventRounds "5"]
[EventCountry "MNE"]
[SourceVersionDate "2023.04.08"]

1. c4 c5 2. g3 Nc6 3. Bg2 g6 4. Nc3 Bg7 5. Nf3 e6 6. e3 d5 7. cxd5 exd5 8. d4
Nge7 9. Bd2 O-O 10. dxc5 Bf5 11. a3 Bd3 12. b4 d4 13. exd4 Nxd4 14. Nxd4 Qxd4
15. Bf1 Nf5 16. Be2 Bxe2 17. Kxe2 Rad8 18. Ra2 Qd3+ 19. Ke1 Bxc3 20. f4 Bxd2+
21. Qxd2 Qe4+ 0-1

[Event "CEDIS Festival saha 2023 - 1. turnir"]
[Site "Podgorica"]
[Date "2023.04.07"]
[Round "1.9"]
[White "Skvortsova, Alena"]
[Black "Svrkota, Milos"]
[Result "1-0"]
[WhiteElo "2039"]
[BlackElo "1365"]
[PlyCount "63"]
[EventDate "2023.04.07"]
[EventType "swiss"]
[EventRounds "5"]
[EventCountry "MNE"]
[SourceVersionDate "2023.04.08"]

1. e4 e5 2. Nf3 Nc6 3. d4 exd4 4. Nxd4 d6 5. Bb5 Bd7 6. Nc3 Nf6 7. Bxc6 bxc6 8.
O-O Be7 9. Qf3 O-O 10. h3 Rb8 11. Re1 Re8 12. Rb1 c5 13. Nf5 Bxf5 14. Qxf5 c6
15. Qf3 Nd7 16. Bf4 Nb6 17. e5 dxe5 18. Bxe5 Bd6 19. Bxd6 Qxd6 20. Ne4 Qe5 21.
b3 Rbd8 22. c4 Re6 23. Re3 Nc8 24. Rbe1 Rde8 25. h4 R6e7 26. Ng5 Qf6 27. Qxf6
gxf6 28. Ne4 Kg7 29. Nd6 Rd8 30. Nf5+ Kf8 31. Nxe7 Nxe7 32. Rxe7 1-0

[Event "CEDIS Festival saha 2023 - 1. turnir"]
[Site "Podgorica"]
[Date "2023.04.07"]
[Round "1.10"]
[White "Pribylla, Amelia"]
[Black "Abramovic, Dragoljub"]
[Result "0-1"]
[WhiteElo "1339"]
[BlackElo "2016"]
[PlyCount "80"]
[EventDate "2023.04.07"]
[EventType "swiss"]
[EventRounds "5"]
[EventCountry "MNE"]
[SourceVersionDate "2023.04.08"]

1. d4 Nf6 2. c4 e6 3. Bg5 Bb4+ 4. Nc3 Qe7 5. e4 e5 6. d5 h6 7. Bxf6 Qxf6 8. Qb3
a5 9. Nf3 d6 10. h3 Na6 11. Nd2 Bc5 12. Nf3 g5 13. Qb5+ Bd7 14. Qxb7 Ke7 15.
Qb3 Rab8 16. Qc2 h5 17. h4 Nb4 18. Qd2 g4 19. Ng1 Bd4 20. f3 Bxg1 21. Rxg1
Qxh4+ 22. g3 Qf6 23. fxg4 Bxg4 24. Be2 Qh6 25. Qxh6 Rxh6 26. O-O-O Bxe2 27.
Nxe2 Nxa2+ 28. Kb1 Nb4 29. Rc1 Na6 30. Rh1 Nc5 31. g4 Nxe4 32. Rxh5 Rg6 33. Rg1
Rbg8 34. Rh3 Rxg4 35. Rxg4 Rxg4 36. Ra3 Nd2+ 37. Kc2 Nxc4 38. Rc3 Kd7 39. Rf3
Rg2 40. Rxf7+ Ke8 0-1

[Event "CEDIS Festival saha 2023 - 1. turnir"]
[Site "Podgorica"]
[Date "2023.04.07"]
[Round "1.11"]
[White "Zivkovic, Slaven"]
[Black "Peric, Toman"]
[Result "1-0"]
[WhiteElo "1929"]
[BlackElo "1134"]
[PlyCount "75"]
[EventDate "2023.04.07"]
[EventType "swiss"]
[EventRounds "5"]
[EventCountry "MNE"]
[SourceVersionDate "2023.04.08"]

1. e4 e5 2. Nf3 Nc6 3. Bc4 Bc5 4. c3 d6 5. h3 Nf6 6. d3 h6 7. O-O O-O 8. Re1
Re8 9. a4 a5 10. Nbd2 Ne7 11. Qb3 Rf8 12. d4 exd4 13. Nxd4 Bxd4 14. cxd4 Nc6
15. Nf3 b6 16. Bf4 Ba6 17. Bxa6 Rxa6 18. Qb5 Nb8 19. Rac1 Ra7 20. Nd2 Qd7 21.
Qc4 Rc8 22. b3 Na6 23. Qd3 Nb4 24. Qf3 Kh7 25. Nc4 b5 26. axb5 d5 27. b6 dxc4
28. bxa7 Nd3 29. e5 Nxe1 30. Rxe1 Qd5 31. exf6 Qxf3 32. gxf3 cxb3 33. Bxc7 b2
34. Kg2 Rxc7 35. a8=Q Rc1 36. Qe4+ g6 37. Qb7 Kg8 38. Re8+ 1-0

[Event "CEDIS Festival saha 2023 - 1. turnir"]
[Site "Podgorica"]
[Date "2023.04.07"]
[Round "1.12"]
[White "Maras, Marija Mia"]
[Black "Jeknic, Velimir"]
[Result "1/2-1/2"]
[WhiteElo "1035"]
[BlackElo "1913"]
[PlyCount "20"]
[EventDate "2023.04.07"]
[EventType "swiss"]
[EventRounds "5"]
[EventCountry "MNE"]
[SourceVersionDate "2023.04.08"]

1. c4 Nf6 2. Nc3 g6 3. g3 Bg7 4. Bg2 O-O 5. Nf3 d6 6. O-O Nc6 7. d4 e5 8. dxe5
dxe5 9. Bg5 Be6 10. Bxf6 Bxf6 1/2-1/2

[Event "CEDIS Festival saha 2023 - 1. turnir"]
[Site "Podgorica"]
[Date "2023.04.08"]
[Round "2.1"]
[White "Djukanovic, Sreten"]
[Black "Tomic, Aleksandar"]
[Result "0-1"]
[WhiteElo "2148"]
[BlackElo "2396"]
[PlyCount "56"]
[EventDate "2023.04.07"]
[EventType "swiss"]
[EventRounds "5"]
[EventCountry "MNE"]
[SourceVersionDate "2023.04.08"]

1. d4 Nf6 2. c4 e6 3. Nc3 Bb4 4. Qc2 c5 5. dxc5 Na6 6. g3 Nxc5 7. Bg2 O-O 8. a3
Bxc3+ 9. Qxc3 d5 10. Be3 Nce4 11. Qd4 Nd6 12. cxd5 Nxd5 13. Bd2 Bd7 14. e4 Nb5
15. Qd3 Nb6 16. a4 Nc7 17. a5 Na4 18. Qc2 Na6 19. Rxa4 Bxa4 20. Qxa4 Nc5 21.
Qc2 Qd6 22. Nf3 Nd3+ 23. Ke2 Rfd8 24. Ne1 Nxf2 25. Rf1 Ng4 26. Nf3 Qa6+ 27. Ke1
Rac8 28. Qa4 Qd3 0-1

[Event "CEDIS Festival saha 2023 - 1. turnir"]
[Site "Podgorica"]
[Date "2023.04.08"]
[Round "2.2"]
[White "Vukcevic, Nemanja"]
[Black "Skvortsova, Alena"]
[Result "1/2-1/2"]
[WhiteElo "2305"]
[BlackElo "2039"]
[PlyCount "69"]
[EventDate "2023.04.07"]
[EventType "swiss"]
[EventRounds "5"]
[EventCountry "MNE"]
[SourceVersionDate "2023.04.08"]

1. e4 c5 2. Nf3 Nc6 3. d4 cxd4 4. Nxd4 Nf6 5. Nc3 e5 6. Ndb5 d6 7. Nd5 Nxd5 8.
exd5 Nb8 9. a4 Be7 10. Be2 O-O 11. Bd2 Nd7 12. a5 f5 13. c4 a6 14. Nc3 e4 15.
O-O Ne5 16. Qb3 Kh8 17. f4 exf3 18. Bxf3 Qc7 19. Be2 Qc5+ 20. Kh1 Bd7 21. Nd1
Qd4 22. Qe3 Qh4 23. Qg3 Qf6 24. Nc3 Rac8 25. b3 h6 26. Ne4 Qg6 27. Qxg6 Nxg6
28. Nc3 Bg5 29. Rad1 Rce8 30. Bh5 Kh7 31. Bxg5 hxg5 32. Rde1 Kh6 33. Bd1 g4 34.
g3 Ne5 35. Kg2 1/2-1/2

[Event "CEDIS Festival saha 2023 - 1. turnir"]
[Site "Podgorica"]
[Date "2023.04.08"]
[Round "2.3"]
[White "Abramovic, Dragoljub"]
[Black "Skvortsov, Andrei"]
[Result "0-1"]
[WhiteElo "2016"]
[BlackElo "2313"]
[PlyCount "210"]
[EventDate "2023.04.07"]
[EventType "swiss"]
[EventRounds "5"]
[EventCountry "MNE"]
[SourceVersionDate "2023.04.08"]

1. d4 e6 2. Nf3 c5 3. c3 Nf6 4. Bf4 b6 5. e3 Be7 6. Be2 Bb7 7. Nbd2 O-O 8. O-O
Nh5 9. Bxb8 Rxb8 10. Ne5 Nf6 11. Bf3 d5 12. Qa4 Qc7 13. Rac1 Bd6 14. g3 Bxe5
15. dxe5 Nd7 16. c4 Nxe5 17. cxd5 Nxf3+ 18. Nxf3 Bxd5 19. e4 Bc6 20. Qc2 Qb7
21. Rfe1 Rbc8 22. Ne5 Rfd8 23. b4 Be8 24. Qb2 f6 25. Nc4 Qe7 26. bxc5 Rxc5 27.
e5 Qc7 28. Nd6 Bg6 29. Rxc5 Qxc5 30. Qb3 Qd5 31. f4 Qd4+ 32. Kf1 fxe5 33. Qxe6+
Kh8 34. Nf7+ Bxf7 35. Qxf7 Qd3+ 36. Kf2 Qc2+ 37. Re2 Qc5+ 38. Kf3 Qc6+ 39. Kg4
exf4 40. Re7 Rg8 41. Rxa7 fxg3 42. hxg3 Qe4+ 43. Kh3 h6 44. Kh2 Qe5 45. Re7
Qb2+ 46. Kh3 Qb5 47. Kh2 Qg5 48. Re2 Rd8 49. Re8+ Rxe8 50. Qxe8+ Kh7 51. Qe4+
Qg6 52. Qd5 Qb1 53. Kh3 Qc2 54. Qb5 Qc8+ 55. Kh2 Qe6 56. a4 Kh8 57. Qb4 Kg8 58.
Qf4 Qe2+ 59. Kh3 Qh5+ 60. Kg2 Qc5 61. Kh2 h5 62. Kg2 Qd5+ 63. Kh2 Kh7 64. Qb4
Qe6 65. Qb5 Kh6 66. Qb4 Kg6 67. Qd2 Qe5 68. Qc2+ Kh6 69. Qc6+ Qf6 70. Qc1+ Kh7
71. Qc2+ Qg6 72. Qc3 Qf5 73. Kg2 Qe4+ 74. Kh2 Qxa4 75. Qd3+ g6 76. Qd5 Qc2+ 77.
Kh1 Qc7 78. Kg2 Qe7 79. Kh3 Qf6 80. Kg2 Kh6 81. Qd2+ g5 82. Qe3 Qc6+ 83. Kh2 b5
84. Qe7 Kg6 85. Qd8 Qc2+ 86. Kh1 Qe4+ 87. Kh2 Qc6 88. Qg8+ Kf5 89. Qh7+ Kg4 90.
Qd3 h4 91. gxh4 gxh4 92. Qe2+ Kg5 93. Qe3+ Kg6 94. Qd3+ Kg5 95. Qe3+ Kf5 96.
Qd3+ Ke5 97. Qe3+ Kd6 98. Qd4+ Qd5 99. Qxh4 Kc5 100. Kg3 Qd3+ 101. Kg2 b4 102.
Qe7+ Qd6 103. Qe3+ Qd4 104. Qc1+ Kd5 105. Kf3 Qc3+ 0-1

[Event "CEDIS Festival saha 2023 - 1. turnir"]
[Site "Podgorica"]
[Date "2023.04.08"]
[Round "2.4"]
[White "Grbovic, Dino"]
[Black "Draganic, Veljko"]
[Result "0-1"]
[WhiteElo "1713"]
[BlackElo "2263"]
[PlyCount "60"]
[EventDate "2023.04.07"]
[EventType "swiss"]
[EventRounds "5"]
[EventCountry "MNE"]
[SourceVersionDate "2023.04.08"]

1. e4 c6 2. d4 d5 3. exd5 cxd5 4. Bd3 Nc6 5. c3 e6 6. Bf4 Bd6 7. Bxd6 Qxd6 8.
Nf3 Nge7 9. O-O f6 10. Qb3 e5 11. dxe5 fxe5 12. Rd1 Qc7 13. Be2 e4 14. Nd4 O-O
15. f3 Qf4 16. c4 Nxd4 17. Rxd4 Qe5 18. Rd1 Be6 19. cxd5 Bxd5 20. Bc4 Bxc4 21.
Qxc4+ Kh8 22. Qxe4 Qxb2 23. Nd2 Qb6+ 24. Kh1 Nf5 25. Nc4 Qh6 26. Kg1 Rae8 27.
Qd3 Qg5 28. Qd2 Qg6 29. Nd6 Nxd6 30. Qxd6 Re1+ 0-1

[Event "CEDIS Festival saha 2023 - 1. turnir"]
[Site "Podgorica"]
[Date "2023.04.08"]
[Round "2.5"]
[White "Scekic, Veljko"]
[Black "Zivkovic, Slaven"]
[Result "1/2-1/2"]
[WhiteElo "2182"]
[BlackElo "1929"]
[PlyCount "37"]
[EventDate "2023.04.07"]
[EventType "swiss"]
[EventRounds "5"]
[EventCountry "MNE"]
[SourceVersionDate "2023.04.08"]

1. Nf3 Nf6 2. c4 c5 3. Nc3 g6 4. d4 cxd4 5. Nxd4 d5 6. cxd5 Nxd5 7. Ndb5 Nxc3
8. Qxd8+ Kxd8 9. Nxc3 Bd7 10. e4 Bg7 11. Bd2 Nc6 12. O-O-O Rc8 13. Kb1 Kc7 14.
Bf4+ Be5 15. Nd5+ Kb8 16. Be3 Rhd8 17. Be2 e6 18. Nf4 Nb4 19. Nd3 1/2-1/2

[Event "CEDIS Festival saha 2023 - 1. turnir"]
[Site "Podgorica"]
[Date "2023.04.08"]
[Round "2.7"]
[White "Kisic, Bozidar"]
[Black "Vujadinovic, Zeljko"]
[Result "1-0"]
[WhiteElo "2227"]
[BlackElo "1840"]
[PlyCount "73"]
[EventDate "2023.04.07"]
[EventType "swiss"]
[EventRounds "5"]
[EventCountry "MNE"]
[SourceVersionDate "2023.04.08"]

1. d4 d5 2. Bf4 Nf6 3. Nc3 c6 4. Qd3 Bg4 5. f3 Bc8 6. e4 dxe4 7. fxe4 Bg4 8.
Qg3 Bh5 9. d5 Nbd7 10. Nf3 Bg6 11. O-O-O cxd5 12. exd5 Rc8 13. Qe1 Qa5 14. Bd3
Nc5 15. Bxg6 hxg6 16. Kb1 Na4 17. Be5 Ng4 18. Nxa4 Qxa4 19. Bc3 Nf6 20. d6 Rd8
21. Rd4 Qa6 22. Bb4 e6 23. Ng5 Rd7 24. Qc3 Kd8 25. Rc4 b6 26. Rf1 Rh5 27. Nxe6+
fxe6 28. Rxf6 Rf5 29. Rxf5 gxf5 30. a4 Bxd6 31. b3 Qb7 32. Bxd6 Rxd6 33. Rh4
Ke8 34. Qg3 Rd7 35. Qg6+ Ke7 36. Qxg7+ Kd8 37. Qf8+ 1-0

[Event "CEDIS Festival saha 2023 - 1. turnir"]
[Site "Podgorica"]
[Date "2023.04.08"]
[Round "2.8"]
[White "Dedeic, Huso"]
[Black "Mosurovic, Milena"]
[Result "1-0"]
[WhiteElo "1989"]
[BlackElo "1565"]
[PlyCount "93"]
[EventDate "2023.04.07"]
[EventType "swiss"]
[EventRounds "5"]
[EventCountry "MNE"]
[SourceVersionDate "2023.04.08"]

1. h4 d5 2. d4 Nf6 3. Nf3 c5 4. e3 e6 5. b3 Nc6 6. Nbd2 Bd6 7. Bb2 cxd4 8. exd4
O-O 9. Bd3 Re8 10. Ne5 Qc7 11. Ndf3 Nb4 12. Ng5 Nxd3+ 13. cxd3 Qa5+ 14. Kf1 Rf8
15. g4 Bd7 16. Rh3 Bb5 17. a4 Ba6 18. Rc1 Ne4 19. Nc4 Bxc4 20. Nxe4 Bxd3+ 21.
Qxd3 dxe4 22. Qxe4 Qd2 23. Rc2 Qb4 24. Rc4 Qb6 25. Rhc3 Rad8 26. h5 Be7 27. Rc7
Bf6 28. Rxb7 Qa6+ 29. Rb5 Rxd4 30. Qc6 Qxc6 31. Rxc6 Rxg4 32. Bxf6 gxf6 33. Ra6
Kg7 34. Rxa7 Rh4 35. a5 Rc8 36. Rbb7 Rxh5 37. Rxf7+ Kg6 38. Rg7+ Kf5 39. Rxh7
Rxh7 40. Rxh7 Rb8 41. Rh3 Kg4 42. Rc3 e5 43. Ke2 f5 44. a6 Rb5 45. a7 Ra5 46.
Rc4+ f4 47. Ra4 1-0

[Event "CEDIS Festival saha 2023 - 1. turnir"]
[Site "Podgorica"]
[Date "2023.04.08"]
[Round "2.10"]
[White "Soc, Bogdan"]
[Black "Pavlovic, David"]
[Result "1-0"]
[WhiteElo "1713"]
[BlackElo "1379"]
[PlyCount "99"]
[EventDate "2023.04.07"]
[EventType "swiss"]
[EventRounds "5"]
[EventCountry "MNE"]
[SourceVersionDate "2023.04.08"]

1. d4 d5 2. c4 e6 3. Nc3 Nf6 4. cxd5 exd5 5. Bg5 Be7 6. Qc2 Nc6 7. e3 Be6 8. a3
a6 9. Bd3 h6 10. Bh4 g5 11. Bg3 Qd7 12. b4 b5 13. Nge2 Bd6 14. Nxb5 axb5 15.
Bxb5 Bxg3 16. Bxc6 Bd6 17. Bxd7+ Kxd7 18. O-O Ng4 19. h3 Nf6 20. Rfc1 Ra7 21.
Qc6+ Ke7 22. Nc3 Rb8 23. e4 Rb6 24. Nxd5+ Bxd5 25. Qc2 Bxe4 26. Re1 Kd7 27.
Rxe4 Nxe4 28. Qxe4 Bxb4 29. Qd5+ Kc8 30. Qxf7 Rxa3 31. Rxa3 Bxa3 32. Qf5+ Kb7
33. Qf3+ Kb8 34. Qxa3 Rd6 35. Qb4+ Kc8 36. Kh2 Rf6 37. Kg3 h5 38. Qe7 Rd6 39.
Qxg5 Rxd4 40. Qxh5 Rd6 41. f4 Kb7 42. Qb5+ Kc8 43. f5 c6 44. Qa6+ Kc7 45. Qa7+
Kd8 46. Qb8+ Kd7 47. Qf8 c5 48. f6 c4 49. Qe7+ Kc6 50. f7 1-0

[Event "CEDIS Festival saha 2023 - 1. turnir"]
[Site "Podgorica"]
[Date "2023.04.08"]
[Round "2.11"]
[White "Svrkota, Milos"]
[Black "Perazic, Dragutin"]
[Result "1/2-1/2"]
[WhiteElo "1365"]
[BlackElo "1672"]
[PlyCount "39"]
[EventDate "2023.04.07"]
[EventType "swiss"]
[EventRounds "5"]
[EventCountry "MNE"]
[SourceVersionDate "2023.04.08"]

1. e4 e6 2. d4 d5 3. exd5 exd5 4. Nf3 Bd6 5. Be3 Ne7 6. h3 Bf5 7. Be2 Nbc6 8.
c3 Qd7 9. Nbd2 f6 10. a3 Ng6 11. c4 dxc4 12. Nxc4 Bf4 13. Qd2 Bxe3 14. Nxe3 O-O
15. O-O Nce7 16. Bc4+ Kh8 17. d5 Be4 18. Ne1 Rad8 19. Rd1 c6 20. d6 1/2-1/2

[Event "CEDIS Festival saha 2023 - 1. turnir"]
[Site "Podgorica"]
[Date "2023.04.08"]
[Round "2.12"]
[White "Ivanovic, Tara"]
[Black "Pribylla, Amelia"]
[Result "1-0"]
[WhiteElo "1530"]
[BlackElo "1339"]
[PlyCount "53"]
[EventDate "2023.04.07"]
[EventType "swiss"]
[EventRounds "5"]
[EventCountry "MNE"]
[SourceVersionDate "2023.04.08"]

1. e4 e5 2. Nf3 Nc6 3. Bc4 Bc5 4. c3 Nf6 5. d4 exd4 6. e5 Qe7 7. cxd4 Bb4+ 8.
Nc3 d6 9. O-O dxe5 10. dxe5 Bxc3 11. bxc3 Ng4 12. h3 Ngxe5 13. Nxe5 Nxe5 14.
Re1 Qc5 15. Qd5 Qxd5 16. Bxd5 f6 17. f4 c6 18. Bb3 Kd7 19. fxe5 Re8 20. e6+ Kd8
21. Ba3 b6 22. e7+ Kc7 23. Bf7 Bf5 24. Bxe8 Rxe8 25. Rad1 c5 26. Bc1 g5 27. a3
1-0

[Event "CEDIS Festival saha 2023 - 1. turnir"]
[Site "Podgorica"]
[Date "2023.04.08"]
[Round "3.1"]
[White "Tomic, Aleksandar"]
[Black "Draganic, Veljko"]
[Result "0-1"]
[WhiteElo "2396"]
[BlackElo "2263"]
[PlyCount "42"]
[EventDate "2023.04.07"]
[EventType "swiss"]
[EventRounds "5"]
[EventCountry "MNE"]
[SourceVersionDate "2023.04.08"]

1. d4 d5 2. Nf3 Nf6 3. c4 c6 4. Nc3 dxc4 5. a4 Bf5 6. Ne5 e6 7. f3 Bb4 8. e4
Bxe4 9. fxe4 Nxe4 10. Bd2 Qxd4 11. Nxe4 Qxe4+ 12. Qe2 Bxd2+ 13. Kxd2 Qd5+ 14.
Kc2 Na6 15. Nxc4 b5 16. axb5 Nb4+ 17. Kc3 cxb5 18. Ra5 Rb8 19. Kxb4 bxc4+ 20.
Ka4 Qc6+ 21. Ka3 Qb6 0-1

[Event "CEDIS Festival saha 2023 - 1. turnir"]
[Site "Podgorica"]
[Date "2023.04.08"]
[Round "3.2"]
[White "Skvortsov, Andrei"]
[Black "Jovancevic, Jovan"]
[Result "1-0"]
[WhiteElo "2313"]
[BlackElo "2161"]
[PlyCount "117"]
[EventDate "2023.04.07"]
[EventType "swiss"]
[EventRounds "5"]
[EventCountry "MNE"]
[SourceVersionDate "2023.04.08"]

1. e4 c5 2. d4 cxd4 3. Qxd4 Nc6 4. Qd3 Nf6 5. Nc3 g6 6. Nf3 d6 7. Be2 Bg7 8.
O-O O-O 9. Nd5 Nd7 10. c3 e6 11. Ne3 Nc5 12. Qc2 b6 13. b4 Nd7 14. Ba3 Qc7 15.
Rfd1 Nce5 16. Nd4 a6 17. f4 Bh6 18. g3 Bb7 19. Ng2 Nc4 20. Bc1 Bg7 21. Qd3 Rac8
22. Bf3 Nf6 23. Rb1 e5 24. Nb3 Rfe8 25. Re1 d5 26. exd5 Rcd8 27. Nc5 e4 28.
Nxe4 Nxd5 29. Qf1 Nxc3 30. Nxc3 Bd4+ 31. Kh1 Rxe1 32. Nxe1 Bxc3 33. Rb3 Bd2 34.
Ng2 Bxf3 35. Rxf3 Bxc1 36. Rc3 Bb2 37. Rxc4 Rd1 38. Qxd1 Qxc4 39. f5 Qxb4 40.
h3 Be5 41. Qd3 b5 42. Kh2 Qb2 43. Qe3 Kg7 44. h4 Bd4 45. Qe4 Qf2 46. fxg6 hxg6
47. g4 Qg1+ 48. Kg3 Qf2+ 49. Kh3 a5 50. h5 gxh5 51. gxh5 b4 52. Nh4 Qf1+ 53.
Kg4 Qg1+ 54. Kh3 Qf1+ 55. Kg4 Qg1+ 56. Kh3 Kf6 57. Qc6+ Kg7 58. Nf5+ Kh7 59.
Qh6+ 1-0

[Event "CEDIS Festival saha 2023 - 1. turnir"]
[Site "Podgorica"]
[Date "2023.04.08"]
[Round "3.3"]
[White "Vukcevic, Nemanja"]
[Black "Dedeic, Huso"]
[Result "1-0"]
[WhiteElo "2305"]
[BlackElo "1989"]
[PlyCount "63"]
[EventDate "2023.04.07"]
[EventType "swiss"]
[EventRounds "5"]
[EventCountry "MNE"]
[SourceVersionDate "2023.04.08"]

1. e4 c6 2. Nc3 d5 3. Nf3 dxe4 4. Nxe4 Bf5 5. Ng3 Bg6 6. h4 h6 7. Ne5 Bh7 8.
Qh5 g6 9. Bc4 e6 10. Qe2 Qe7 11. d4 Nf6 12. Bd2 Nbd7 13. O-O-O Bg7 14. f4 Nd5
15. Ne4 N7b6 16. Bb3 a5 17. a4 Nc8 18. g4 Nd6 19. Ng3 Qc7 20. Rhe1 O-O 21. g5
b5 22. h5 Rfe8 23. gxh6 Bxh6 24. hxg6 Bxg6 25. Nxg6 fxg6 26. Qg4 Kf7 27. Rh1
Bg7 28. Rdg1 Nc4 29. Bxc4 bxc4 30. Ne4 Ne7 31. Ng5+ Kg8 32. Qxe6+ 1-0